000 01044nam a22002177a 4500
010 _aA-895488
020 _a8170249317
_c4000.00(set)
035 _aA-895488
037 _aCen Lib/Ret
040 _aDPL
_bEN
082 _a302.14
_bSHA
245 _aAnatomy of communalism /
_cby Sita Ram Sharma
260 _aNew Delhi
_b APH Publishingh Corporation
_c1998.
270 _a5, Ansari Road, Darya Ganj
_bNew Delhi
_e110002
300 _a6 v.; (v 1. 382 ; v 2. 300 ; v 3. 233 ; v 4. 278 ; v. 5 249 ; v 6. 238)
500 _a6 v. ; v 1. Historical perspectives on communalism (avalibale) ; v. 2. Politics and government of communalism (avalibale) ; v. 3. Indian Muslim League and communalism (avalibale) ; v 4. Mohammad Ali Jinnah and communal leadership (avalibale) ; v 5. An analysis of Hindu-Muslim conflict in India (avalibale) ; v. 6. Hindu communalism (avalibale)
650 _aCommunalism -- India.
650 _a Communalism -- Pakistan.
700 _aSharma, Sita Ram
942 _2ddc
_cEN
_h302.14
_mSHA
999 _c136367
_d136367